000 00309nam a2200133 i 4500
001 bg
100 1 _aUNGER, Hans Georg
245 0 _aTelekomunikacja optyczna /
_cHans Georg Unger.
260 _aWarszawa,
_c1979.
040 _cBPK
041 _apol
942 _cKS
008 s pl f |000 0 pol
999 _c9975
_d9975
856 _uhttp://koha.tu.koszalin.pl/cgi-bin/koha/opac-detail.pl?biblionumber=9975
_yKatalog online BPK